Loading...
| Philosophy | 0 | 6 | 1 | 0 | 55 | 22 | 74.00 | 4 | 4 | 16.68 | 32.11 |
| History - World | 0 | 4 | 0 | 1 | 40 | 73 | 117.50 | 0 | 0 | 3.36 | 8.97 |
| Fine Arts - Other | 0 | 4 | 0 | 0 | 40 | 67 | 93.00 | 0 | 1 | 8.83 | 19.35 |
| Science - Other | 0 | 4 | 0 | 1 | 40 | 51 | 97.75 | 1 | 1 | 6.48 | 16.05 |
| Literature - European | 0 | 3 | 0 | 0 | 30 | 130 | 137.67 | 0 | 0 | 1.20 | 6.38 |
| Fine Arts - Painting & Sculpture | 0 | 3 | 0 | 0 | 30 | 90 | 124.00 | 1 | 1 | 1.88 | 9.31 |
| History - Other | 0 | 2 | 0 | 0 | 20 | 84 | 100.50 | 0 | 0 | 2.38 | 7.54 |
| Religion | 0 | 2 | 0 | 1 | 20 | 129 | 133.50 | 0 | 0 | 0.09 | 1.27 |
| Social Science | 0 | 2 | 1 | 0 | 15 | 92 | 93.50 | 0 | 1 | 3.20 | 9.82 |
| Literature - World | 0 | 2 | 1 | 0 | 15 | 104 | 123.50 | 0 | 0 | 1.51 | 5.96 |
| Literature - British | 0 | 2 | 1 | 0 | 15 | 120 | 144.00 | 0 | 0 | 1.30 | 5.29 |
| Literature - American | 0 | 1 | 0 | 0 | 10 | 99 | 99.00 | 0 | 0 | 1.87 | 4.41 |
| Fine Arts - Classical Music | 0 | 1 | 0 | 1 | 10 | 141 | 141.00 | 0 | 0 | -0.04 | 0.25 |
| History - American | 0 | 3 | 4 | 0 | 10 | 56 | 83.33 | 1 | 1 | 6.35 | 13.28 |
| History - European | 0 | 1 | 1 | 0 | 5 | 48 | 48.00 | 0 | 1 | 3.73 | 5.32 |
| Current Events | 0 | 0 | 1 | 0 | -5 | 0.00 | 0 | 0 | 0.00 | 0.00 |